02327nam a2200301 u 4500001000500000005001700005008004100022020001500063035000900078035002100087040001300108041000800121082000800129100004100137245003600178260003100214300000900245505152200254650002201776650002301798650003301821650003901854650002301893650002601916650002601942700003001968700002701998208520260428103533.0950512s1990 eng  a0874847699 a2085 a(OCoLC)778058721 ccomduadb aeng 4a10110aMoore, Brooke Noel,d1943-4auteaut10aPhilosophy : the power of ideas aLondon :bMayfield,c1990. a2 V. aCONTENIDO : V.1 : Preface. -- 1. Dangerous Stuff. -- Part 1. Metaphysics. -- 2. The First Metaphysicians. -- 3. Modern Metaphysics. -- 4. The Rejection of Absolute Idealism. -- Part 2. Epistemology : theory of Knowledge. -- 5. Skepticism and Phylosophy. -- 6. Epistemology After Hume. -- Part 3. Ethics. -- 7. Ethics Through Hume. -- 8. Ethics After Hume. -- Part 4. Political Philosophy. -- 9. Classical Theory. -- 10. Contemporary Theory. -- Part 5. Philosophy of Religion. -- 11. Traditional Proofs of God. -- 12. God in the Age of Science. -- Part 6. Analytic Philosophy. -- 13. The Proper Method of Philosophy. -- 14. Case Study in analysis : Mind. -- Part 7. Continental Philosophy. -- 15. The Continental Philosophers. -- Part 8. Eastern Philosophy. -- 16. The Wisdom of the East. -- Appendix 1. Logic. -- Appendix 2. Truth. -- Appendix 3. Knowledge. -- Glossary. -- Credits. -- Index. -- V.2 : Introduction. -- Overview of the Text. -- Class Presentation Materials. -- Part 1. Metaphysics. -- Part 2. Epistemology : The Theory of Knowledge. -- Part 3. Ethics. -- Part 4. Political Philosophy. -- Part 5. Philosophy of Religion. -- Part 6. Analytic Philosophy. -- Part 7. Continental Philosophy. -- Part 8. Eastern Philosophy. -- Objective Questions. -- Part 1. Metaphysics. -- Part 2. Epistemology : The Theory of Knowledge. -- Part 3. Ethics. -- Part 4. Political Philosophy. -- Part 5. Philosophy of Religion. -- Part 6. Analytic Philosophy. -- Part 7. Continental Philosophy. -- Part 8. Eastern Philosophy. 7aFilosofía2lemb 7aMetafísica2lemb 7aFilosofía política2lemb 7aFilosofía de la religión2lemb 7aEscepticismo2lemb 7aFenomenología2lemb 7aExistencialismo2lemb10aBruder, Kenneth4auteaut10aBarnett, Dan4auteaut